000 00284nam a2200109Ia 4500
008 200302s9999 xx 000 0 und d
100 _aGeoffrey Makstutis
245 _aArchitecture an Introduction
260 _bLaurence King Publishing Ltd. London
260 _c2010
300 _a248 P.,
999 _c3075
_d3075